ARRUPE JESUIT UNIVERSITY

CORONAVIRUS -STOP THE SPREAD - CLEAN,DISINFECT,COVER

Critique of pure reason / (Record no. 127305)

MARC details
000 -LEADER
fixed length control field 01590cam a2200397 a 4500
001 - CONTROL NUMBER
control field 4472311
003 - CONTROL NUMBER IDENTIFIER
control field ARRUPE
005 - DATE AND TIME OF LATEST TRANSACTION
control field 20180104103818.0
008 - FIXED-LENGTH DATA ELEMENTS--GENERAL INFORMATION
fixed length control field 961009s1996 inu b 001 0 eng
010 ## - LIBRARY OF CONGRESS CONTROL NUMBER
LC control number 96037033
020 ## - INTERNATIONAL STANDARD BOOK NUMBER
International Standard Book Number 0872202585
020 ## - INTERNATIONAL STANDARD BOOK NUMBER
International Standard Book Number 0872202577 (pbk.)
040 ## - CATALOGING SOURCE
Original cataloging agency DLC
Transcribing agency DLC
Modifying agency DLC
041 1# - LANGUAGE CODE
Language code of text/sound track or separate title eng
Language code of original and/or intermediate translations of text ger
050 00 - LIBRARY OF CONGRESS CALL NUMBER
Classification number B-277-1
Item number P57 1996
082 00 - DEWEY DECIMAL CLASSIFICATION NUMBER
Classification number 121
Edition number 21
300 ## - PHYSICAL DESCRIPTION
Dimensions 24 cm.
100 1# - MAIN ENTRY--PERSONAL NAME
Personal name Kant, Immanuel,
Dates associated with a name 1724-1804.
9 (RLIN) 38269
240 10 - UNIFORM TITLE
Uniform title <a href="Kritik der reinen Vernunft.">Kritik der reinen Vernunft.</a>
Language of a work English
245 10 - TITLE STATEMENT
Title Critique of pure reason /
Statement of responsibility, etc Immanuel Kant ; translated by Werner S. Pluhar ; introduction by Patricia Kitcher.
250 ## - EDITION STATEMENT
Edition statement Unified ed.
260 ## - PUBLICATION, DISTRIBUTION, ETC. (IMPRINT)
Place of publication, distribution, etc Indianapolis, Ind. :
Name of publisher, distributor, etc Hackett Pub. Co.,
Date of publication, distribution, etc c1996.
300 ## - PHYSICAL DESCRIPTION
Extent lix, 1030 p. ;
500 ## - GENERAL NOTE
General note "With all variants from the 1781 and 1787 editions."
504 ## - BIBLIOGRAPHY, ETC. NOTE
Bibliography, etc Includes bibliographical references (p. 775-813) and index.
650 #0 - SUBJECT ADDED ENTRY--TOPICAL TERM
Topical term or geographic name as entry element Knowledge, Theory of.
9 (RLIN) 38270
650 #0 - SUBJECT ADDED ENTRY--TOPICAL TERM
Topical term or geographic name as entry element Causation.
9 (RLIN) 38271
650 #0 - SUBJECT ADDED ENTRY--TOPICAL TERM
Topical term or geographic name as entry element Reason.
9 (RLIN) 38272
700 1# - ADDED ENTRY--PERSONAL NAME
Personal name Pluhar, Werner S.,
Dates associated with a name 1940-
9 (RLIN) 38273
700 1# - ADDED ENTRY--PERSONAL NAME
Personal name Kitcher, Patricia.
9 (RLIN) 38274
856 42 - ELECTRONIC LOCATION AND ACCESS
Materials specified Contributor biographical information
Uniform Resource Identifier <a href="http://www.loc.gov/catdir/enhancements/fy1409/96037033-b.html">http://www.loc.gov/catdir/enhancements/fy1409/96037033-b.html</a>
856 42 - ELECTRONIC LOCATION AND ACCESS
Materials specified Publisher description
Uniform Resource Identifier <a href="http://www.loc.gov/catdir/enhancements/fy1409/96037033-d.html">http://www.loc.gov/catdir/enhancements/fy1409/96037033-d.html</a>
906 ## - LOCAL DATA ELEMENT F, LDF (RLIN)
a 7
b cbc
c orignew
d 1
e ocip
f 19
g y-gencatlg
942 ## - ADDED ENTRY ELEMENTS (KOHA)
Source of classification or shelving scheme Library of Congress Classification
Koha item type Monograph ( Printed materials)
Holdings
Withdrawn status Lost status Source of classification or shelving scheme Damaged status Not for loan Collection code Home library Current library Shelving location Date acquired Total Checkouts Full call number Barcode Date last seen Date checked out Price effective from Koha item type
    Library of Congress Classification     Main Collection ARRUPE COLLEGE BOOKSTORE ARRUPE COLLEGE BOOKSTORE Main Collection 04/01/2018 2 B-277-1 46600000262 11/12/2018 25/10/2018 04/01/2018 Monograph ( Printed materials)
    Library of Congress Classification     Main Collection ARRUPE COLLEGE BOOKSTORE ARRUPE COLLEGE BOOKSTORE Main Collection 02/05/2018   B-277-2 46600001629 02/05/2018   02/05/2018 Monograph ( Printed materials)
    Library of Congress Classification     Main Collection ARRUPE COLLEGE BOOKSTORE ARRUPE COLLEGE BOOKSTORE Main Collection 21/05/2018 2 B-277-3 46600001670 07/12/2018 04/10/2018 21/05/2018 Monograph ( Printed materials)

 

Arrupe Library. PO Box MP320 Mt Pleasant, Harare, Zimbabwe
263 242 745411|librarian@aju.ac.zw